000 00597nam a22001337a 4500
040 _cRUA
082 _aFIS HEN 2011 B183 Or.1
100 _aHENG, SARAM.
245 _aFamily fishing gears in sombor district of kratie province, ការសិក្សាពីឧបករណ៍នេសាទជាលក្ខណៈគ្រួសារនៅស្រុកសំបូរ​ខេត្តក្រចេះ
260 _aPhnom Penh
_bRUA
_c2011
300 _aix; 39cm.
_bill.
_c29cm.
856 _uhttps://drive.google.com/file/d/1n3ZHLAspHJ9GIlBkuBOehpCgBsUA5OQj/view?usp=sharing
942 _cFIS
999 _c3945
_d3945